Formule 1 - Ecuries 2025 par logo - Statistiques

Statistiques générales
  • Ce quiz a été pris 638 fois
    637 depuis la dernière actualisation
  • Le résultat moyen est 9 sur 10
Statistiques - réponses
Par images Réponse % Correct
Ferrari
99%
Mercedes
99%
RedBull
99%
Alpine
98%
Aston Martin
98%
McLaren
97%
Haas
95%
Williams
94%
Kick Sauber
91%
Visa Cash App RB
76%
Aucun quiz correspondant
Distribution des résultats
% des personnes avec chaque résultat
Percentile par nombre de réponses
Votre historique - résultats
Vous n’avez pas pris ce quiz depuis la dernière actualisation